000 004640000a22001810004500
003 MACL
005 20150707124912.0
008 150707b xxu||||| |||| 00| 0 eng d
040 _aMACL
_cMACL
041 _aEnglish
082 _a307/ARV
100 _aAravamudan, Gita
_91069
245 _aDisappearing Daughters
_bThe Tragedy Of Female Foeticide
260 _bPenguin Books
_c2007
_aNew Delhi
350 _a250
650 _aSociology
_919
942 _cBK
_k307
_2ddc
999 _c8180
_d8180